[Event "Pan American-ch"]
[Site "Washington DC"]
[Date "2006.12.27"]
[Round "1"]
[White "Blazek, George"]
[Black "Stopa, Jacek"]
[Result "0-1"]
[WhiteElo "1587"]
[BlackElo "2436"]
[PlyCount "74"]
[EventDate "2006.12.27"]
[EventType "swiss"]
[EventRounds "6"]
[EventCountry "USA"]
[SourceTitle "CBM 116 Extra"]
[Source "ChessBase"]
[SourceDate "2007.03.07"]
[SourceVersion "1"]
[SourceVersionDate "2007.03.07"]
[SourceQuality "1"]

1. e4 c5 2. Nf3 d6 3. Nc3 Nf6 4. Be2 Nc6 5. d3 g6 6. Be3 Bg7 7. Rb1 0-0 8. h3 Rb8 9. Qd2 Re8 10. a4 a6 11. 0-0 Bd7 12. d4 cxd4 13. Nxd4 Rc8 14. f4 Qc7 15. Rbc1 Nb4 16. f5 Red8 17. g4 Be8 18. h4 Nd7 19. h5 d5 20. Kg2 dxe4 21. fxg6 hxg6 22. h6 Be5 23. h7+ Kh8 24. Bf2 Bg7 25. Be3 e5 26. Bh6 Bxh6 27. Qxh6 exd4 28. Nxe4 Qe5 29. Bf3 Nxc2 30. Rce1 Nxe1+ 31. Rxe1 Rc2+ 32. Kh1 Qg7 33. Qh4 Qxh7 34. Qxh7+ Kxh7 35. g5 Kg7 36. Nd6 Kf8 37. Bd5 Ne5 0-1